| 000 | 00626nam a2200169 a 4500 | ||
|---|---|---|---|
| 005 | 20140412111254.0 | ||
| 008 | 000823s19uu xx 00 eng d | ||
| 020 | _a0-15-201007-6 | ||
| 050 |
_aTR(PS E _bEe6 1992 |
||
| 100 | _aYolen, Jane | ||
| 245 |
_aEeny, meeny, miney mole / _cJane Yolen ; illustrated by Kathryn Brown. |
||
| 260 |
_aNew York : _bVoyager Books/Harcourt Brace & Company, _c1992. |
||
| 300 | _a1 v. (unp.) ; ill. | ||
| 520 | _aThree moles live underground, and then one of them finally ventures upward to find out what the world is like "Up Above". | ||
| 650 | _aMole (Animals)-Fiction | ||
| 999 |
_c103208 _d103208 |
||